000
00288nam a22001337a 4500
008
171102b xxu||||| |||| 00| 0 eng d
020
_a
0043350364
041
_a
eng
080
_a
33
100
_a
59
101
_a
BIZ
245
_a
THE SOVIET ECONOMIC SYSTEM
_c
NOVE,A
942
_2
udc
_c
BK
999
_c
37210
_d
37210